Molecular cloning : A laboratory manual

Kaydedildi:
Detaylı Bibliyografya
Yazar: Sambrook, Joseph
Materyal Türü: Kitap
Dil:Undetermined
Baskı/Yayın Bilgisi: New York Cold Spring Harbor Laboratory Press 2001
Konular:
Etiketler: Etiketle
Etiket eklenmemiş, İlk siz ekleyin!
Thư viện lưu trữ: Trung tâm Học liệu Trường Đại học Cần Thơ
LEADER 00599nam a2200217Ia 4500
001 CTU_67844
008 210402s9999 xx 000 0 und d
020 |b 262 
082 |a 527.8 
082 |b S187/Vol.1 
100 |a Sambrook, Joseph 
245 0 |a Molecular cloning : 
245 2 |b A laboratory manual 
245 0 |c Jpseph Sambrook and David W. Russell 
260 |a New York 
260 |b Cold Spring Harbor Laboratory Press 
260 |c 2001 
650 |a Molecular cloning 
650 |x Laboratory manuals 
904 |i Minh 
980 |a Trung tâm Học liệu Trường Đại học Cần Thơ